Online
Catalog

Antología del pensamiento de Juan Bosch / (Record no. 50649)

MARC details
000 -CABECERA
campo de control de longitud fija 01834nam a2200385 i 4500
003 - IDENTIFICADOR DEL NÚMERO DE CONTROL
campo de control DO-SdBNP
005 - FECHA Y HORA DE LA ÚLTIMA TRANSACCIÓN
campo de control 20260321073644.0
007 - CAMPO FIJO DE DESCRIPCIÓN FÍSICA--INFORMACIÓN GENERAL
campo de control de longitud fija ta
008 - DATOS DE LONGITUD FIJA--INFORMACIÓN GENERAL
campo de control de longitud fija 210923e2019 dr ac||gr|||| 001 edspa d
020 ## - NÚMERO INTERNACIONAL ESTÁNDAR DEL LIBRO
Número Internacional Estándar del Libro 9789945220278
040 ## - FUENTE DE LA CATALOGACIÓN
Centro catalogador/agencia de origen DO-SdBNP
Lengua de catalogación spa
Centro/agencia transcriptor DO-SdBNP
Normas de descripción rda
041 ## - CÓDIGO DE LENGUA
Código de lengua del texto/banda sonora o título independiente spa
082 #4 - NÚMERO DE LA CLASIFICACIÓN DECIMAL DEWEY
Número de clasificación RD868.44
Número de documento/Ítem B742C 2019
Número de edición 22
100 1# - ENTRADA PRINCIPAL--NOMBRE DE PERSONA
Nombre de persona Castellanos, Justo Pedro,
Fechas asociadas al nombre 1961-
Término indicativo de función/relación autor
Código de función/relación aut.
9 (RLIN) 71189
245 10 - MENCIÓN DE TÍTULO
Título Antología del pensamiento de Juan Bosch /
Mención de responsabilidad, etc. [compilador por], Justo Pedro Castellano ; prólogo, Pedro Vergés.
250 ## - MENCIÓN DE EDICIÓN
Mención de edición Cuarta edición
264 ## - PRODUCCIÓN, PUBLICACIÓN, DISTRIBUCIÓN, FABRICACIÓN Y COPYRIGHT
Producción, publicación, distribución, fabricación y copyright Santo Domingo, República Dominicana :
Nombre del de productor, editor, distribuidor, fabricante Editora Búho,
Fecha de producción, publicación, distribución, fabricación o copyright 2019.
300 ## - DESCRIPCIÓN FÍSICA
Extensión [xxxviii], 524 páginas :
Otras características físicas ilustraciones, retratos ;
Dimensiones 23 cm.
336 ## - TIPO DE CONTENIDO
Término de tipo de contenido texto
Código de tipo de contenido txt
Fuente rdacontent
337 ## - TIPO DE MEDIO
Nombre/término del tipo de medio sin mediación
Código del tipo de medio n
Fuente rdamedia
338 ## - TIPO DE SOPORTE
Nombre/término del tipo de soporte volumen
Código del tipo de soporte nc
Fuente rdacarrier
500 ## - NOTA GENERAL
Nota general Incluye datos biográficos del autor en la solapa de la contracubierta.
500 ## - NOTA GENERAL
Nota general Incluye bibliografía y nota al pié de páginas.
504 ## - NOTA DE BIBLIOGRAFÍA, ETC.
Nota de bibliografía, etc. Bibliografía: p. 521- 524
505 0# - NOTA DE CONTENIDO CON FORMATO
Título Prólogo /
Mención de responsabilidad Pedro Vergés --
Título Introducción.--
Información miscelánea Capítulo I.
Título Del pensamiento filosófico-cultural :
Información miscelánea Capítulo II.
Título Del pensamiento político.--
Información miscelánea Capítulo III.
Título Del pensamiento económico:
Información miscelánea Capítulo VI.
Título Perfiles biográficos.--
-- Personajes del mundo religioso.--
-- Personajes del mundo político y del mundo cultural.--
-- Bibliografía.
590 ## - NOTA LOCAL (RLIN)
Nota local Inventariado 2021 / MF
600 10 - PUNTO DE ACCESO ADICIONAL DE MATERIA--NOMBRE DE PERSONA
Nombre de persona Bosch, Juan,
Fechas asociadas al nombre 1909-2001
9 (RLIN) 76555
600 10 - PUNTO DE ACCESO ADICIONAL DE MATERIA--NOMBRE DE PERSONA
Nombre de persona Bosch, Juan,
Fechas asociadas al nombre 1909-2001
Subdivisión general Crítica e interpretación
9 (RLIN) 76555
650 10 - PUNTO DE ACCESO ADICIONAL DE MATERIA--TÉRMINO DE MATERIA
Término de materia o nombre geográfico como elemento de entrada Pensamiento crítico
9 (RLIN) 9026
650 10 - PUNTO DE ACCESO ADICIONAL DE MATERIA--TÉRMINO DE MATERIA
Término de materia o nombre geográfico como elemento de entrada Ensayos dominicanos
9 (RLIN) 65
700 12 - PUNTO DE ACCESO ADICIONAL--NOMBRE DE PERSONA
Nombre de persona Castellanos, Justo Pedro,
Fechas asociadas al nombre 1961-
Término indicativo de función/relación compilador
Código de función/relación comp.
9 (RLIN) 71189
700 12 - PUNTO DE ACCESO ADICIONAL--NOMBRE DE PERSONA
9 (RLIN) 78838
Nombre de persona Bergé, Pedro
Término indicativo de función/relación prologuista
Código de función/relación pr.
910 ## - DATOS DE OPCIÓN DEL USUARIO (OCLC)
Datos de opción del usuario Validado. Control de calidad MFF
942 ## - ELEMENTOS DE PUNTO DE ACCESO ADICIONAL (KOHA)
Fuente del sistema de clasificación o colocación Dewey Decimal Classification
Tipo de ítem Koha Libro
Holdings
Estado de retiro Estado de pérdida Fuente del sistema de clasificación o colocación Restricciones de uso No para préstamo Código de colección Localización permanente Ubicación/localización actual Ubicación en estantería Fecha de adquisición Fuente de adquisición Total de préstamos Signatura topográfica completa Código de barras Fecha visto por última vez Precio válido a partir de Tipo de ítem Koha Número de copia
    Dewey Decimal Classification Préstamo en sala   Dominicana de Servicio Biblioteca Nacional Pedro Henríquez Ureña Biblioteca Nacional Pedro Henríquez Ureña Depósito 23.11.2020 Donado por Editora Búho   BNPHU DS RD868.44 B742C 2019 2021-27003 23.09.2021 23.09.2021 Libro y Folleto Colección Dominicana de Servicio e.3
    Dewey Decimal Classification Excluido de préstamo   Patrimonio Dominicano Biblioteca Nacional Pedro Henríquez Ureña Patrimonio Dominicano Depósito 23.11.2020 Donado por Editora Búho   BNPHU PD RD868.44 B742C 2019 2021-26997 23.09.2021 23.09.2021 Libro y Folleto Colección Patrimonio Dominicano  
    Dewey Decimal Classification Excluido de préstamo   Patrimonio Dominicano Biblioteca Nacional Pedro Henríquez Ureña Patrimonio Dominicano Depósito 23.11.2020 Donado por Editora Búho   BNPHU PD RD868.44 B742C 2019 2021-26999 23.09.2021 23.09.2021 Libro y Folleto Colección Patrimonio Dominicano e.2

Powered by Koha